00495nam a2200109Ia 4500008004100000245023200041260002900273260000900302300000600311650001300317856005500330170516s9999 xx 000 0 und d aDevelopment and Evaluation of Mouth Dissolving Films of Amlodipine Besylate for Enhanced Therapeutic Efficacy, K. M. Maheswari, Pavan Kumar Devineni, Sravanthi Deekonda, Salma Shaik, Naga Pravallika Uppala, and Buchi N. Nalluri bJournal of Pharmaceutics c2014 a: xPharmacy uhttps://www.hindawi.com/journals/jphar/contents/2/